[Event "1MCR_3DE_1L_3S"]
[Site "?"]
[Date "2005.??.??"]
[Round "3"]
[White "Valak, Alois"]
[Black "Mikoska, Josef"]
[Result "1-0"]
[WhiteElo "2250"]
[BlackElo "2134"]
[PlyCount "79"]
[EventDate "2005.??.??"]
[EventType "corr"]
[SourceDate "2005.03.20"]

1. e4 e5 2. Nf3 Nc6 3. d4 exd4 4. Nxd4 Bc5 5. Be3 Qf6 6. c3 Nge7 7. Qf3 Qxf3 8.
gxf3 Bb6 9. Na3 Ng6 10. Nab5 O-O 11. Nb3 d5 12. Bxb6 cxb6 13. Nc7 Rb8 14. Nxd5
Be6 15. O-O-O Nce5 16. Nd4 Rfd8 17. c4 Kf8 18. h4 h5 19. Kb1 Rbc8 20. b3 Rc5
21. Rg1 b5 22. f4 Bxd5 23. cxd5 Ng4 24. Rc1 Rxc1+ 25. Kxc1 Nxf2 26. Rxg6 Rc8+
27. Kd2 fxg6 28. e5 Ne4+ 29. Ke3 Rc1 30. Bd3 Nc5 31. Bxg6 Rc3+ 32. Ke2 Rg3 33.
Bf5 Rg2+ 34. Kf3 Rxa2 35. d6 Ke8 36. e6 Nxe6 37. Bxe6 Kd8 38. Ke4 Ra1 39. Nxb5
Ra6 40. Bc4 1-0

[Event "1MCR_3DE_1L_3S"]
[Site "?"]
[Date "2005.??.??"]
[Round "3"]
[White "Hlavacek, Ladislav"]
[Black "Valak, Alois"]
[Result "0-1"]
[WhiteElo "2009"]
[BlackElo "2250"]
[PlyCount "82"]
[EventDate "2005.??.??"]
[EventType "corr"]
[SourceDate "2005.03.20"]

1. c4 e5 2. Nc3 Nf6 3. Nf3 Nc6 4. d4 e4 5. Ne5 Bb4 6. e3 O-O 7. Bd2 Bxc3 8.
Bxc3 Ne7 9. Be2 Ne8 10. h3 d6 11. Ng4 f5 12. Nh2 d5 13. Qb3 a5 14. O-O c6 15.
Bd2 b6 16. cxd5 cxd5 17. Qa3 Qd6 18. Qxd6 Nxd6 19. Rfc1 Ba6 20. Bxa6 Rxa6 21.
Rc7 Kf7 22. b3 Nb5 23. Rc2 a4 24. Rcc1 Rfa8 25. b4 Rc8 26. Rxc8 Nxc8 27. Rc1
Ncd6 28. f4 Nc4 29. Nf1 h6 30. g3 g5 31. Be1 Ke6 32. Kf2 Ra8 33. Ke2 Rg8 34.
Rc2 gxf4 35. gxf4 Rg1 36. Bf2 Rh1 37. h4 Ke7 38. Rc1 Nb2 39. Rc2 Nd3 40. Ng3
Rb1 41. Nxf5+ Kd7 0-1

[Event "1MCR_3DE_1L_2S"]
[Site "?"]
[Date "2005.??.??"]
[Round "2"]
[White "Sedlaty, Martin"]
[Black "Svajdler, Frantisek"]
[Result "0-1"]
[WhiteElo "1800"]
[BlackElo "2168"]
[PlyCount "60"]
[EventDate "2005.??.??"]
[EventType "corr"]
[SourceDate "2005.03.20"]

1. e4 c5 2. Nf3 d6 3. d4 cxd4 4. Nxd4 Nf6 5. Nc3 Nc6 6. Bg5 e6 7. Qd2 a6 8.
O-O-O Bd7 9. f4 b5 10. a3 Be7 11. Nb3 b4 12. axb4 Nxb4 13. Bxf6 gxf6 14. f5 O-O
15. Kb1 Rb8 16. Qh6 Kh8 17. Nd2 d5 18. fxe6 fxe6 19. exd5 exd5 20. Nb3 a5 21.
Nd4 Bc5 22. Qh4 Qb6 23. Rd2 Nxc2 24. Rxc2 Bxd4 25. Bd3 f5 26. Nxd5 Qxb2+ 27.
Rxb2 Rxb2+ 28. Kc1 Rc8+ 29. Nc3 Rb4 30. Qe7 Ba4 0-1

[Event "1MCR_3DE_1L_3S"]
[Site "?"]
[Date "2005.??.??"]
[Round "3"]
[White "Hlavacek, Ladislav"]
[Black "Portych, Vaclav"]
[Result "1/2-1/2"]
[WhiteElo "2009"]
[BlackElo "2024"]
[PlyCount "78"]
[EventDate "2005.??.??"]
[EventType "corr"]
[SourceDate "2005.03.20"]

1. c4 e5 2. Nc3 Nf6 3. e3 g6 4. d4 exd4 5. exd4 d5 6. Bg5 c6 7. Nf3 Qe7+ 8. Be2
dxc4 9. O-O Bg7 10. Re1 O-O 11. Qd2 Nbd7 12. Bxc4 Qb4 13. Bb3 a5 14. Qc2 Nb6
15. Bxf6 Bxf6 16. a3 Qd6 17. Ne4 Qd8 18. Nxf6+ Qxf6 19. Qc5 Nd7 20. Qg5 a4 21.
Ba2 Qxg5 22. Nxg5 Kg7 23. Rad1 Nf6 24. Re7 Nd5 25. Bxd5 cxd5 26. Rc1 h6 27. Nf3
Kf6 28. Rec7 Rb8 29. Ne5 Be6 30. f4 b5 31. Nc6 Rbc8 32. Rb7 Rfe8 33. Rc3 g5 34.
fxg5+ hxg5 35. Kf2 Rh8 36. Rxb5 Rxh2 37. Ra5 Rh4 38. Rxa4 Rf4+ 39. Kg1 Bd7
1/2-1/2

[Event "1MCR_3DE_1L_2S"]
[Site "?"]
[Date "2005.??.??"]
[Round "2"]
[White "Svajdler, Frantisek"]
[Black "Pytlik, Lesek"]
[Result "1/2-1/2"]
[WhiteElo "2168"]
[BlackElo "2367"]
[PlyCount "54"]
[EventDate "2005.??.??"]
[EventType "corr"]
[SourceDate "2005.03.20"]

1. e4 e6 2. d4 d5 3. Nd2 c5 4. exd5 Qxd5 5. Ngf3 cxd4 6. Bc4 Qd6 7. O-O Nf6 8.
Nb3 Nc6 9. Nbxd4 Nxd4 10. Nxd4 a6 11. Bb3 Bd7 12. c3 Qc7 13. Bg5 O-O-O 14. Bxf6
gxf6 15. Qh5 Be8 16. Rad1 Bd6 17. Rd3 Qc5 18. Qh3 Bb5 19. Nxb5 Qxb5 20. Rfd1
Bc5 21. Rxd8+ Rxd8 22. Rxd8+ Kxd8 23. Qf3 f5 24. h3 a5 25. Qf4 b6 26. Qd2+ Qd7
27. Qxd7+ Kxd7 1/2-1/2

[Event "1MCR_3DE_1L_2S"]
[Site "?"]
[Date "2005.??.??"]
[Round "2"]
[White "Toman, Antonin"]
[Black "Svajdler, Frantisek"]
[Result "1/2-1/2"]
[WhiteElo "2209"]
[BlackElo "2168"]
[PlyCount "88"]
[EventDate "2005.??.??"]
[EventType "corr"]
[SourceDate "2005.03.20"]

1. e4 e5 2. Nf3 Nc6 3. Bb5 a6 4. Ba4 Nf6 5. d4 exd4 6. O-O Be7 7. Re1 b5 8. Bb3
d6 9. Bd5 Nxd5 10. exd5 Ne5 11. Nxd4 O-O 12. a3 Bb7 13. Nc3 Bf6 14. Be3 Re8 15.
b3 c5 16. dxc6 Nxc6 17. Qd2 Rc8 18. Nxc6 Bxc6 19. Bd4 Bxd4 20. Rxe8+ Qxe8 21.
Qxd4 Bb7 22. f3 Qe5 23. Qxe5 dxe5 24. Rd1 Kf8 25. Rd3 Ke7 26. Kf2 f5 27. Ke2
Ke6 28. Kd2 g5 29. b4 h5 30. a4 Bc6 31. axb5 axb5 32. Nb1 e4 33. Rc3 exf3 34.
gxf3 f4 35. Ke2 g4 36. Kf2 Bb7 37. Rxc8 Bxc8 38. Na3 Bd7 39. c4 bxc4 40. Nxc4
Bb5 41. Nd2 Ke5 42. Nb3 Bc6 43. fxg4 hxg4 44. Nc1 Bb5 1/2-1/2

[Event "1MCR_3DE_1L_1S"]
[Site "?"]
[Date "2005.??.??"]
[Round "1"]
[White "Baciak, Miloslav"]
[Black "Splichal, Josef"]
[Result "0-1"]
[WhiteElo "1895"]
[BlackElo "2279"]
[PlyCount "190"]
[EventDate "2005.??.??"]
[EventType "corr"]
[SourceDate "2005.03.20"]

1. e4 e5 2. Nf3 Nc6 3. Bb5 Nf6 4. O-O Nxe4 5. d4 Nd6 6. Bxc6 dxc6 7. dxe5 Nf5
8. Qxd8+ Kxd8 9. Nc3 Bd7 10. Rd1 Ke8 11. h3 Rd8 12. Ne4 Be6 13. Rxd8+ Kxd8 14.
Bg5+ Kc8 15. Rd1 Bb4 16. c3 Be7 17. g4 Bd5 18. gxf5 Bxe4 19. Bxe7 Bxf3 20. Rd3
Be4 21. Rg3 Kd7 22. f6 g6 23. f3 Bb1 24. a3 Ke6 25. f4 h6 26. Kf2 g5 27. Kf3
Kf5 28. fxg5 hxg5 29. e6 Kxe6 30. Kg4 Bf5+ 31. Kxg5 Bxh3 32. Re3+ Kd7 33. Rd3+
Kc8 34. Re3 Bd7 35. Kf4 b6 36. b4 Rh4+ 37. Kg3 Rh5 38. Kf4 Be6 39. Ke4 Rh2 40.
Kd4 Rd2+ 41. Rd3 Rf2 42. Rg3 b5 43. Re3 Rf1 44. Rd3 Bc4 45. Rd2 Ra1 46. Kc5 Bd5
47. a4 Rxa4 48. Rh2 Ra1 49. Rh8+ Kb7 50. Kd4 Rd1+ 51. Ke3 Bc4 52. Rd8 Re1+ 53.
Kd2 Re2+ 54. Kc1 Rf2 55. Rd2 Rf3 56. Kc2 c5 57. Rd8 cxb4 58. cxb4 Ra3 59. Kb2
Ra2+ 60. Kc3 a5 61. bxa5 Rxa5 62. Rd1 Ra4 63. Rd4 Ra1 64. Rg4 Kb6 65. Rg8 Rc1+
66. Kd2 Rf1 67. Rb8+ Ka7 68. Rg8 Rf5 69. Kc3 c6 70. Kb4 Be6 71. Bc5+ Kb7 72.
Bd4 Kc7 73. Rg1 Kd6 74. Rd1 Rf4 75. Ka5 Bd5 76. Kb6 b4 77. Rd3 b3 78. Bc5+ Ke5
79. Rd1 Ra4 80. Rb1 Ra2 81. Rd1 Be4 82. Bd4+ Kf5 83. Rf1+ Ke6 84. Re1 b2 85.
Rxe4+ Kd5 86. Re1 Kxd4 87. Rd1+ Kc3 88. Rb1 Ra1 89. Rxb2 Kxb2 90. Kxc6 Ra6+ 91.
Kd5 Rxf6 92. Ke5 Rf1 93. Ke4 Kc1 94. Ke5 Kd2 95. Kd5 Re1 0-1

[Event "1MCR_3DE_1L_1S"]
[Site "?"]
[Date "2005.??.??"]
[Round "1"]
[White "Splichal, Josef"]
[Black "Bucek, Jiri"]
[Result "1/2-1/2"]
[WhiteElo "2279"]
[BlackElo "2326"]
[PlyCount "64"]
[EventDate "2005.??.??"]
[EventType "corr"]
[SourceDate "2005.03.20"]

1. e4 c5 2. Nf3 Nc6 3. d4 cxd4 4. Nxd4 Nf6 5. Nc3 e5 6. Ndb5 d6 7. Bg5 a6 8.
Na3 b5 9. Bxf6 gxf6 10. Nd5 Bg7 11. Bd3 Ne7 12. Nxe7 Qxe7 13. c4 f5 14. O-O O-O
15. cxb5 d5 16. exd5 e4 17. Qe2 Qb4 18. Bc4 Qxb2 19. Nc2 axb5 20. Rab1 Qe5 21.
Rxb5 Bd7 22. Rb7 Bc8 23. Rb6 f4 24. Qd2 Rd8 25. Bb3 Bf8 26. Re1 Bd6 27. Qd1 Re8
28. Qa1 Qxa1 29. Rxa1 Ra6 30. Rxa6 Bxa6 31. g3 e3 32. fxe3 fxe3 1/2-1/2

[Event "1MCR_3DE_1L_1S"]
[Site "?"]
[Date "2005.??.??"]
[Round "1"]
[White "Bares, Jiri"]
[Black "Pecka, Josef"]
[Result "1/2-1/2"]
[WhiteElo "2174"]
[BlackElo "2309"]
[PlyCount "60"]
[EventDate "2005.??.??"]
[EventType "corr"]
[SourceDate "2005.03.20"]

1. d4 d5 2. c4 c6 3. Nf3 Nf6 4. cxd5 cxd5 5. Nc3 Nc6 6. Bf4 Bf5 7. e3 e6 8. Qb3
Bb4 9. a3 Bxc3+ 10. bxc3 O-O 11. Be2 Na5 12. Qb4 Ne4 13. O-O Rc8 14. Rac1 Qb6
15. Nh4 g5 16. Nxf5 exf5 17. Qxb6 axb6 18. Bg3 Nb3 19. Rc2 f4 20. exf4 Nxd4 21.
Rb2 Nxe2+ 22. Rxe2 Nxc3 23. Rb2 gxf4 24. Bxf4 Rfe8 25. Bd2 Ne2+ 26. Kh1 d4 27.
Rxb6 Rc3 28. Rxb7 Rxa3 29. g3 Ra2 30. Bb4 Rb2 1/2-1/2

[Event "1MCR_3DE_1L_2S"]
[Site "?"]
[Date "2005.??.??"]
[Round "2"]
[White "Toman, Antonin"]
[Black "Trcka, Vaclav"]
[Result "1/2-1/2"]
[WhiteElo "2209"]
[BlackElo "2175"]
[PlyCount "51"]
[EventDate "2005.??.??"]
[EventType "corr"]
[SourceDate "2005.03.20"]

1. e4 e5 2. Nc3 Nf6 3. f4 d5 4. fxe5 Nxe4 5. d3 Bb4 6. dxe4 Qh4+ 7. Ke2 Bxc3 8.
bxc3 Qg4+ 9. Ke1 Qh4+ 10. g3 Qxe4+ 11. Kf2 Qxh1 12. Nf3 Nc6 13. Qxd5 Be6 14.
Qb5 Bg4 15. Bg2 Qd1 16. Qxb7 Qxc2+ 17. Nd2 O-O 18. Qxc6 Rad8 19. Kg1 Rxd2 20.
Bxd2 Qxd2 21. Qc5 Rd8 22. Qxc7 Bh3 23. Bxh3 Qe3+ 24. Kh1 Qf3+ 25. Kg1 Qe3+ 26.
Kf1 1/2-1/2

[Event "1MCR_3DE_1L_1S"]
[Site "?"]
[Date "2005.??.??"]
[Round "1"]
[White "Tomisek, Petr"]
[Black "Lounek, Jan"]
[Result "0-1"]
[WhiteElo "2170"]
[BlackElo "2380"]
[PlyCount "70"]
[EventDate "2005.??.??"]
[EventType "corr"]
[SourceDate "2005.03.20"]

1. e4 c5 2. d4 cxd4 3. c3 dxc3 4. Nxc3 e6 5. Nf3 Nc6 6. Bc4 a6 7. O-O Nge7 8.
Bg5 f6 9. Be3 b5 10. Bb3 Bb7 11. Re1 Ng6 12. Nd5 exd5 13. exd5 Nce5 14. d6 Rc8
15. Nxe5 fxe5 16. f4 Qf6 17. fxe5 Nxe5 18. Bd4 Bxd6 19. Bxe5 Bxe5 20. Qh5+ Kd8
21. Rxe5 Rf8 22. Qe2 Rc5 23. Rxc5 Qd4+ 24. Kh1 Qxc5 25. Rf1 Rxf1+ 26. Qxf1 Qd4
27. Qe2 Be4 28. h4 d5 29. Kh2 Kc7 30. Kh3 Kd6 31. Bd1 g6 32. b3 Qg1 33. Bc2
Qh1+ 34. Kg3 Bxc2 35. Qxc2 Qe1+ 0-1

[Event "1MCR_3DE_1L_2S"]
[Site "?"]
[Date "2005.??.??"]
[Round "2"]
[White "Binas, Jindrich"]
[Black "Trcka, Vaclav"]
[Result "0-1"]
[WhiteElo "2114"]
[BlackElo "2175"]
[PlyCount "34"]
[EventDate "2005.??.??"]
[EventType "corr"]
[SourceDate "2005.03.20"]

1. e4 e5 2. Nf3 Nc6 3. Bb5 a6 4. Ba4 Nf6 5. O-O Be7 6. Re1 b5 7. Bb3 d6 8. c3
O-O 9. h3 Na5 10. Bc2 c5 11. d4 Qc7 12. Nbd2 Bd7 13. dxe5 dxe5 14. Nf1 Rfe8 15.
Ne3 g6 16. Bd2 Rad8 17. Qe2 Bc6 0-1

[Event "1MCR_3DE_1L_1S"]
[Site "?"]
[Date "2005.??.??"]
[Round "1"]
[White "Lounek, Jan"]
[Black "Pecka, Josef"]
[Result "1/2-1/2"]
[WhiteElo "2380"]
[BlackElo "2309"]
[PlyCount "66"]
[EventDate "2005.??.??"]
[EventType "corr"]
[SourceDate "2005.03.20"]

1. e4 e6 2. d4 d5 3. Nc3 Nf6 4. Bg5 dxe4 5. Nxe4 Be7 6. Bxf6 Bxf6 7. Nf3 Nd7 8.
Qd2 O-O 9. O-O-O Be7 10. Bd3 b6 11. h4 Bb7 12. c3 c5 13. Neg5 h6 14. Bh7+ Kh8
15. Bc2 Qc7 16. Qd3 Nf6 17. Ne5 Bd6 18. Rhe1 cxd4 19. Ng4 Ba6 20. Qxa6 Nxg4 21.
Qd3 Bf4+ 22. Kb1 g6 23. Nh3 Be5 24. cxd4 Bg7 25. h5 Rad8 26. Qf3 gxh5 27. Nf4
Nf6 28. Bb3 Rd6 29. d5 exd5 30. Nxd5 Nxd5 31. Rxd5 Rxd5 32. Bxd5 Qd6 33. Qxh5
Rd8 1/2-1/2

[Event "1MCR_3DE_1L_1S"]
[Site "?"]
[Date "2005.??.??"]
[Round "1"]
[White "Pauschek, Roman"]
[Black "Splichal, Josef"]
[Result "0-1"]
[WhiteElo "2172"]
[BlackElo "2279"]
[PlyCount "96"]
[EventDate "2005.??.??"]
[EventType "corr"]
[SourceDate "2005.03.20"]

1. e4 e5 2. Nf3 Nc6 3. Bb5 Nf6 4. O-O Nxe4 5. d4 Nd6 6. Bxc6 dxc6 7. dxe5 Nf5
8. Qxd8+ Kxd8 9. Nc3 Bd7 10. Rd1 Ke8 11. h3 Rd8 12. Bg5 Be7 13. Bxe7 Nxe7 14.
Ne4 Ng6 15. Nc5 Bc8 16. b4 Ke7 17. a4 Rxd1+ 18. Rxd1 b6 19. Nb3 Bd7 20. a5 Nf4
21. Nbd4 Rc8 22. Nh4 g6 23. Rb1 Nd5 24. Ndf3 a6 25. c4 Nf4 26. Nd4 Rb8 27. Rb3
Ne6 28. Nhf3 Rb7 29. axb6 cxb6 30. Kh2 Ra7 31. Ne2 a5 32. Ra3 c5 33. b5 Nf8 34.
Nf4 Be6 35. Nd5+ Bxd5 36. cxd5 Rd7 37. Rd3 Ne6 38. d6+ Ke8 39. Nd2 Rb7 40. Nc4
Nd4 41. Kg3 Kd7 42. f4 Rb8 43. Rd2 Nxb5 44. Rb2 Nd4 45. Rxb6 Rxb6 46. Nxb6+ Kc6
47. Nc4 a4 48. Kf2 Ne6 0-1

[Event "1MCR_3DE_1L_1S"]
[Site "?"]
[Date "2005.??.??"]
[Round "1"]
[White "Pecka, Josef"]
[Black "Pauschek, Roman"]
[Result "1-0"]
[WhiteElo "2309"]
[BlackElo "2172"]
[PlyCount "57"]
[EventDate "2005.??.??"]
[EventType "corr"]
[SourceDate "2005.03.20"]

1. e4 e5 2. f4 exf4 3. Bc4 Nf6 4. Nc3 c6 5. Bb3 d5 6. exd5 cxd5 7. d4 Bd6 8.
Nge2 O-O 9. Bxf4 Bxf4 10. Nxf4 Re8+ 11. Nfe2 Bg4 12. O-O Nc6 13. Qd3 Na5 14.
Nf4 Nxb3 15. axb3 Qd7 16. Qg3 a6 17. Nd3 Ne4 18. Nxe4 dxe4 19. Nf2 Bh5 20. c3
e3 21. Nd3 e2 22. Rf2 Qe6 23. Re1 Qxb3 24. Nf4 Bg6 25. Rfxe2 Rxe2 26. Rxe2 Bc2
27. Re7 Qxb2 28. h4 b5 29. Kh2 1-0

[Event "1MCR_3DE_1L_1S"]
[Site "?"]
[Date "2005.??.??"]
[Round "1"]
[White "Bucek, Jiri"]
[Black "Pauschek, Roman"]
[Result "1/2-1/2"]
[WhiteElo "2326"]
[BlackElo "2172"]
[PlyCount "51"]
[EventDate "2005.??.??"]
[EventType "corr"]
[SourceDate "2005.03.20"]

1. e4 e5 2. Nf3 Nc6 3. Bb5 a6 4. Bxc6 dxc6 5. O-O f6 6. d4 exd4 7. Nxd4 c5 8.
Ne2 Qxd1 9. Rxd1 Bd7 10. Nbc3 O-O-O 11. Be3 Re8 12. Rd2 Bc6 13. Rad1 b6 14. f3
Ne7 15. Nf4 Ng6 16. Ncd5 Ne5 17. b3 c4 18. Kf2 Kb7 19. Nh5 a5 20. h3 b5 21. Rb1
b4 22. Rdd1 Bb5 23. g4 c6 24. Nb6 c5 25. Nd5 Bc6 26. Bf4 1/2-1/2

[Event "1MCR_3DE_1L_3S"]
[Site "?"]
[Date "2005.??.??"]
[Round "3"]
[White "Nepustil, Frantisek"]
[Black "Zednik, Martin"]
[Result "1-0"]
[WhiteElo "2200"]
[BlackElo "2077"]
[PlyCount "73"]
[EventDate "2005.??.??"]
[EventType "corr"]
[SourceDate "2005.03.20"]

1. e4 e5 2. d4 exd4 3. c3 dxc3 4. Nxc3 d6 5. Bc4 Nc6 6. Nf3 Nf6 7. Qb3 Qd7 8.
Ng5 Ne5 9. Bb5 c6 10. f4 Neg4 11. Be2 h6 12. Nf3 d5 13. h3 dxe4 14. Nh4 g5 15.
fxg5 hxg5 16. Bxg5 Bh6 17. Bxg4 Nxg4 18. Rd1 Qxd1+ 19. Nxd1 Bxg5 20. O-O Nh6
21. Qg3 Rg8 22. Nc3 Be7 23. Qf4 Bg5 24. Qxe4+ Be6 25. Nf3 Be7 26. Nd4 Bc5 27.
Kh2 Bxd4 28. Qxd4 Nf5 29. Qe5 Ne7 30. Ne4 Rg6 31. h4 Rh6 32. Qf4 Nf5 33. Nd6+
Nxd6 34. Qxh6 O-O-O 35. Qh7 Bxa2 36. Ra1 Bd5 37. Rxa7 1-0

[Event "1MCR_3DE_1L_2S"]
[Site "?"]
[Date "2005.??.??"]
[Round "2"]
[White "Struzka, Vlastimil"]
[Black "Hlavac, Frantisek"]
[Result "1/2-1/2"]
[WhiteElo "2216"]
[BlackElo "2355"]
[PlyCount "52"]
[EventDate "2005.??.??"]
[EventType "corr"]
[SourceDate "2005.03.20"]

1. d4 Nf6 2. c4 c5 3. e3 g6 4. Nf3 Bg7 5. Nc3 O-O 6. Be2 d5 7. dxc5 Qa5 8. cxd5
Nxd5 9. Qxd5 Bxc3+ 10. Bd2 Rd8 11. Bxc3 Qxc3+ 12. bxc3 Rxd5 13. c4 Rxc5 14. Nd4
Nd7 15. O-O Nf6 16. Rab1 e5 17. Rb5 Rxb5 18. Nxb5 Bd7 19. Nd6 Bc6 20. c5 Nd7
21. Bc4 Rf8 22. Rc1 Kg7 23. f3 Kf6 24. Bb5 Ke6 25. Bxc6 bxc6 26. Nc4 Rc8
1/2-1/2

[Event "1MCR_3DE_1L_1S"]
[Site "?"]
[Date "2005.??.??"]
[Round "1"]
[White "Pecka, Josef"]
[Black "Mezera, Lukas"]
[Result "1/2-1/2"]
[WhiteElo "2309"]
[BlackElo "2266"]
[PlyCount "49"]
[EventDate "2005.??.??"]
[EventType "corr"]
[SourceDate "2005.03.20"]

1. e4 e5 2. f4 exf4 3. Bc4 Nf6 4. Nc3 c6 5. Bb3 d5 6. exd5 cxd5 7. d4 Bd6 8.
Nge2 O-O 9. Bxf4 Bxf4 10. Nxf4 Re8+ 11. Nfe2 Ng4 12. O-O Ne3 13. Qd3 Nxf1 14.
Rxf1 Be6 15. Nf4 Nc6 16. Ncxd5 Na5 17. Qg3 Kh8 18. Nxe6 fxe6 19. Rf7 Rg8 20. c3
Qe8 21. Re7 Qh5 22. Nf4 Qf5 23. h3 Nxb3 24. axb3 Rae8 25. Rxb7 1/2-1/2

[Event "1MCR_3DE_1L_2S"]
[Site "?"]
[Date "2005.??.??"]
[Round "2"]
[White "Hlavac, Frantisek"]
[Black "Svajdler, Frantisek"]
[Result "1/2-1/2"]
[WhiteElo "2355"]
[BlackElo "2168"]
[PlyCount "52"]
[EventDate "2005.??.??"]
[EventType "corr"]
[SourceDate "2005.03.20"]

1. e4 e5 2. Nf3 Nc6 3. Bb5 a6 4. Ba4 Nf6 5. O-O Be7 6. Re1 b5 7. Bb3 d6 8. c3
O-O 9. h3 Na5 10. Bc2 c5 11. d4 Qc7 12. Nbd2 cxd4 13. cxd4 Nc6 14. Nb3 a5 15.
Be3 a4 16. Nbd2 Bd7 17. Rc1 Qb7 18. Qe2 Rfe8 19. Bd3 Rab8 20. a3 exd4 21. Nxd4
Ne5 22. Bb1 Bd8 23. N4f3 b4 24. Nxe5 dxe5 25. Nc4 Be7 26. Nxe5 Bb5 1/2-1/2

[Event "1MCR_3DE_1L_3S"]
[Site "?"]
[Date "2005.??.??"]
[Round "3"]
[White "Mika, Petr"]
[Black "Zednik, Martin"]
[Result "1/2-1/2"]
[WhiteElo "1715"]
[BlackElo "2077"]
[PlyCount "55"]
[EventDate "2005.??.??"]
[EventType "corr"]
[SourceDate "2005.03.20"]

1. d4 d5 2. Nf3 Nf6 3. Bg5 g6 4. e3 Bg7 5. Bd3 c5 6. c3 Nc6 7. Bxf6 Bxf6 8.
dxc5 Qa5 9. b4 Qc7 10. Nd4 a5 11. Bb5 O-O 12. Bxc6 bxc6 13. O-O e5 14. Nb3 axb4
15. cxb4 Rb8 16. Qd2 Ba6 17. Rd1 Bg5 18. Qe1 f5 19. a4 f4 20. e4 d4 21. f3 Qf7
22. Na5 Rfc8 23. Nd2 Rxb4 24. Rdb1 Rxb1 25. Qxb1 Bd8 26. Qb4 Qf6 27. Nac4 Bc7
28. Nb6 1/2-1/2

[Event "1MCR_3DE_1L_1S"]
[Site "?"]
[Date "2005.??.??"]
[Round "1"]
[White "Splichal, Josef"]
[Black "Svoboda, Frantisek"]
[Result "0-1"]
[WhiteElo "2279"]
[BlackElo "2391"]
[PlyCount "70"]
[EventDate "2005.??.??"]
[EventType "corr"]
[SourceDate "2005.03.20"]

1. e4 e6 2. d4 d5 3. Nd2 Nf6 4. e5 Nfd7 5. Bd3 c5 6. c3 Nc6 7. Ne2 cxd4 8. cxd4
f6 9. exf6 Nxf6 10. Nf3 Bd6 11. O-O O-O 12. Bf4 Bxf4 13. Nxf4 Ne4 14. Ne2 Rxf3
15. gxf3 Ng5 16. Kh1 e5 17. dxe5 Nxf3 18. Bxh7+ Kh8 19. Ng1 Ncd4 20. Bd3 Bg4
21. Qc1 Qf8 22. Qe3 Qf7 23. Ne2 Rf8 24. Rg1 Qh5 25. Rg2 Ne6 26. Ng3 Qh3 27. Be2
Nh4 28. Rgg1 Rf3 29. Nf1 Nf4 30. Qd4 Nf5 31. Qd2 Nxe2 32. Qxe2 Rg3 33. Nxg3
Bxe2 34. Nxe2 Qf3+ 35. Rg2 Nh4 0-1

[Event "1MCR_3DE_1L_2S"]
[Site "?"]
[Date "2005.??.??"]
[Round "2"]
[White "Klimecky, Tomas"]
[Black "Pravec, Ladislav"]
[Result "0-1"]
[WhiteElo "1800"]
[BlackElo "2381"]
[PlyCount "76"]
[EventDate "2005.??.??"]
[EventType "corr"]
[SourceDate "2005.03.20"]

1. e4 c5 2. c3 d5 3. d4 dxe4 4. d5 Nf6 5. c4 e6 6. Nc3 exd5 7. cxd5 Bd6 8. Nxe4
Qe7 9. f3 Nxe4 10. Qa4+ Kd8 11. fxe4 Bf5 12. Bd3 Bxe4 13. Qxe4 Qxe4+ 14. Bxe4
Re8 15. Nf3 Rxe4+ 16. Kf2 Nd7 17. Bd2 Ne5 18. Ng5 Nd3+ 19. Kf3 Re7 20. Bc3 Bf4
21. Nxh7 f5 22. g3 Re3+ 23. Kg2 Re2+ 24. Kh3 Nf2+ 25. Kh4 Nxh1 26. Rxh1 Be5 27.
Kg5 Bxc3 28. bxc3 Rxa2 29. Kxf5 Rc2 30. Rb1 Rb8 31. Ra1 Rxc3 32. Rxa7 Kc7 33.
Ng5 Rc1 34. Ne6+ Kd6 35. Nxg7 Kxd5 36. Ne6 b5 37. Nf4+ Kc4 38. Rc7 b4 0-1

[Event "1MCR_3DE_1L_2S"]
[Site "?"]
[Date "2005.??.??"]
[Round "2"]
[White "Markytan, Vladislav"]
[Black "Svajdler, Frantisek"]
[Result "1/2-1/2"]
[WhiteElo "2168"]
[BlackElo "2168"]
[PlyCount "76"]
[EventDate "2005.??.??"]
[EventType "corr"]
[SourceDate "2005.03.20"]

1. d4 Nf6 2. Nf3 e6 3. g3 c5 4. Bg2 Nc6 5. c4 cxd4 6. Nxd4 Bc5 7. Nb3 Be7 8.
Nc3 O-O 9. O-O d6 10. Bf4 Nh5 11. Be3 Bd7 12. Rc1 Qb8 13. Qd2 Rc8 14. f4 Nf6
15. Rfd1 Ng4 16. h3 Nxe3 17. Qxe3 Be8 18. Kh2 Rd8 19. Nd2 Bf8 20. Nf3 Ne7 21.
Qd3 a6 22. Ng5 Ng6 23. h4 Be7 24. Nxh7 Kxh7 25. h5 f5 26. hxg6+ Bxg6 27. Rh1
Kg8 28. e4 Kf7 29. Bh3 Qa7 30. Kg2 Qc5 31. Rhe1 Qc6 32. Qf3 Bf6 33. exf5 Qxf3+
34. Kxf3 exf5 35. Kf2 Rab8 36. b3 Bd4+ 37. Kf1 Bxc3 38. Rxc3 Kf6 1/2-1/2

[Event "1MCR_3DE_1L_1S"]
[Site "?"]
[Date "2005.??.??"]
[Round "1"]
[White "Splichal, Josef"]
[Black "Lounek, Jan"]
[Result "0-1"]
[WhiteElo "2279"]
[BlackElo "2380"]
[PlyCount "88"]
[EventDate "2005.??.??"]
[EventType "corr"]
[SourceDate "2005.03.20"]

1. e4 c5 2. Nf3 d6 3. d4 cxd4 4. Nxd4 Nf6 5. Nc3 a6 6. Bg5 e6 7. f4 Nbd7 8. Qf3
Qc7 9. f5 e5 10. Nb3 b5 11. a3 Bb7 12. Bd3 Be7 13. O-O O-O 14. Rae1 Rad8 15.
Bd2 Nb6 16. Na5 Ba8 17. Qg3 Kh8 18. Bg5 d5 19. Nb3 dxe4 20. Bxf6 gxf6 21. Bxe4
Na4 22. Bxa8 Nxc3 23. bxc3 Rg8 24. Qh3 Qa7+ 25. Kh1 Qxa8 26. Re2 Qc6 27. Nd2
Bxa3 28. Rfe1 Be7 29. Ra1 Rd7 30. Qe3 Rgd8 31. Ne4 Rd1+ 32. Re1 Rxa1 33. Rxa1
a5 34. Qa7 Qd7 35. Qxd7 Rxd7 36. g4 a4 37. Kg2 a3 38. Kf3 Kg7 39. Ke3 h5 40.
gxh5 Kh6 41. Kf3 Ra7 42. Ng3 Ra4 43. Rb1 Kg5 44. Rh1 Rh4 0-1

[Event "1MCR_3DE_1L_1S"]
[Site "?"]
[Date "2005.??.??"]
[Round "1"]
[White "Mezera, Lukas"]
[Black "Splichal, Josef"]
[Result "1-0"]
[WhiteElo "2266"]
[BlackElo "2279"]
[PlyCount "59"]
[EventDate "2005.??.??"]
[EventType "corr"]
[SourceDate "2005.03.20"]

1. e4 e5 2. Nf3 Nc6 3. d4 exd4 4. Nxd4 Nf6 5. Nxc6 bxc6 6. e5 Qe7 7. Qe2 Nd5 8.
c4 Nb6 9. Nd2 Bb7 10. b3 Qg5 11. Bb2 a5 12. g3 Bb4 13. Bg2 a4 14. f4 Qf5 15.
O-O-O axb3 16. Be4 Qh3 17. axb3 O-O 18. Nf3 Qh5 19. g4 Qh3 20. Kb1 g6 21. Nd4
Qh4 22. Qf3 Rfe8 23. Nc2 Bc5 24. g5 Bc8 25. f5 Qxg5 26. e6 dxe6 27. fxg6 fxg6
28. Bxc6 Rf8 29. Qc3 e5 30. Bxa8 1-0

[Event "1MCR_3DE_1L_2S"]
[Site "?"]
[Date "2005.??.??"]
[Round "2"]
[White "Klimecky, Tomas"]
[Black "Struzka, Vlastimil"]
[Result "1/2-1/2"]
[WhiteElo "1800"]
[BlackElo "2216"]
[PlyCount "52"]
[EventDate "2005.??.??"]
[EventType "corr"]
[SourceDate "2005.03.20"]

1. e4 e5 2. Nf3 Nc6 3. d4 exd4 4. Nxd4 Qh4 5. Nc3 Bb4 6. Be2 Nf6 7. O-O Bxc3 8.
Nf5 Qxe4 9. Bd3 Qg4 10. f3 Qa4 11. bxc3 Kf8 12. Qe1 Rg8 13. Bg5 d6 14. Ne3 Bd7
15. Qd2 Re8 16. Rab1 b6 17. Bxf6 gxf6 18. Nd5 Qh4 19. Nxc7 Re7 20. Rf2 f5 21.
Bb5 Rg6 22. Nd5 Re8 23. Rd1 Ne5 24. Bxd7 Nxd7 25. Qd4 Qxd4 26. cxd4 Rge6
1/2-1/2

[Event "1MCR_3DE_1L_2S"]
[Site "?"]
[Date "2005.??.??"]
[Round "2"]
[White "Binas, Jindrich"]
[Black "Hlavac, Frantisek"]
[Result "1/2-1/2"]
[WhiteElo "2114"]
[BlackElo "2355"]
[PlyCount "36"]
[EventDate "2005.??.??"]
[EventType "corr"]
[SourceDate "2005.03.20"]

1. e4 e6 2. d4 d5 3. Nc3 Nf6 4. Bg5 Be7 5. e5 Nfd7 6. h4 Bxg5 7. hxg5 Qxg5 8.
Nh3 Qe7 9. Nf4 Nc6 10. Qg4 Nxd4 11. O-O-O Nf5 12. Nfxd5 exd5 13. Nxd5 Qxe5 14.
Bb5 O-O 15. Bxd7 Bxd7 16. Qh5 f6 17. Qxh7+ Kf7 18. Qh5+ Kg8 1/2-1/2

[Event "1MCR_3DE_1L_1S"]
[Site "?"]
[Date "2005.??.??"]
[Round "1"]
[White "Mezera, Lukas"]
[Black "Tomisek, Petr"]
[Result "1/2-1/2"]
[WhiteElo "2266"]
[BlackElo "2170"]
[PlyCount "54"]
[EventDate "2005.??.??"]
[EventType "corr"]
[SourceDate "2005.03.20"]

1. e4 e5 2. Nf3 Nc6 3. d4 exd4 4. Nxd4 Bc5 5. Nxc6 Qf6 6. Qd2 dxc6 7. Nc3 Be6
8. Na4 Rd8 9. Bd3 Bd4 10. O-O Qh4 11. Qf4 Qh5 12. Qg3 Ne7 13. Be3 Bf6 14. h3
O-O 15. Rad1 b6 16. Rd2 Ng6 17. b3 Rfe8 18. Be2 Qh4 19. Qxh4 Bxh4 20. Rfd1 Rxd2
21. Rxd2 Bc8 22. f3 f5 23. Bd3 f4 24. Bd4 Rd8 25. Bc3 Re8 26. Rd1 Kf7 27. Bd2
Bf6 1/2-1/2